How to unleash the financial genius within you [

Bibliographic Details
Main Author: Robbins, Anthony
Format: Book
Published: California : Robbins Research International , 1989
Series:Personal power!
Subjects:

MARC

LEADER 00000cam a2200000 7i4500
001 0000001431
002 000001571
005 20021106.0
020 |a T000000213 
090 0 0 |a 650.1   |b ROB 
100 1 |a Robbins, Anthony 
245 1 0 |a How to unleash the financial genius within you [  |h sound recording]   |c Anthony Robbins 
260 |a California :   |b Robbins Research International ,   |c 1989 
300 |a 2 sound cassettes (115 minutes) 
490 0 |a Personal power! 
650 0 0 |a Success in business   |x Wealth 
999 |a 00037   |b KASET   |c KOLEKSI AUDIO VIDEO   |e PERPUSTAKAAN KOMUNITI PETALING JAYA